000 00547nam a2200181 4500
005 20260122123958.0
008 260122b |||||||| |||| 00| 0 eng d
020 _a978-0-143-46038-1
041 _aEnglish
082 _aX 613.7 SAR
_bB12192
100 _aSaraf, Subah
_9216418
110 _aSaraf, Harshvardhan
_9216419
245 _aThe Satvic Revolution
_b: 7 Life changing habits to discover peak health and joy
260 _aHaryana
_bPenguin Random House
_c2024
300 _axxviii,466p.
_bpb
365 _aRupaye
_b318
_cINR
942 _cBK
999 _c370039
_d370039